000 00545nam a2200205Ia 4500
001 13411
003 GE_BSU
008 181216s||||||||xx |||||||||||||| ||und||
040 _cGE_BSU
080 _a581.6
100 _aLoewer,H.Peter
245 _aGrowing Plants in water:The Indoor Gardener's Guide to Simple Hydrokulture
260 _aNew York
260 _bPenguin Books
260 _c1981
300 _a110p.ill.17cm.
653 _aGrowing Plants in water
653 _aThe Indoor Gardener's Guide to Simple Hydrokulture
942 _cBK
999 _c46572
_d46572